Flagi państw o największej liczbie kolorów A-Z - Statystyki

Ogólne statystyki
  • Ten quiz został rozwiązany 525 razy
  • Średni wynik to 20 z 23
Statystyki odpowiedzi
Obrazkowy Hint Odpowiedź % Poprawnych
C: 7 Chorwacja
98%
I: 4 Indie | Irak
96%
P: 6 Paragwaj | Portugalia
96%
E: 10 Ekwador
93%
W: 5 Watykan
93%
L: 4 Lesotho/Libia +1 other
92%
K: 4 Kenia | Kuwejt
91%
S: 7 San Marino
90%
O: 3 Oman
88%
F: 8 Fidżi
87%
H: 7 Haiti
87%
U: 5 Uganda
87%
D: 6 Dominika
86%
J: 4 Jordania
86%
T: 5 Turkmenistan
84%
Z: 5 Zimbabwe
83%
A: 5 Antigua i Barbuda
80%
B: 10 Belize
79%
M: 5 Mozambik
79%
G: 5 Gujana
76%
V: 4 Vanuatu
75%
R: 3 Romania/Russia +1 other
74%
N: 5 Namibia
71%
Nie znaleziono quizów pasujących do podanych kryteriów
Rozkład punktacji
Procent ludzi z każdym wynikiem
Percentyl według liczby udzielonych odpowiedzi
Twoja historia wyników
Nie rozwiązałeś tego quizu